Integrated virus detection / (Record no. 62198)
[ view plain ]
| 000 -الفاتح | |
|---|---|
| حقل البيانات ثابتة الطول | 01802cam a2200397 i 4500 |
| 005 - وقت وتاريخ اخر تعامل مع التسجيلة | |
| رقم الضبط | 20240530110538.0 |
| 008 - عناصر البيانات ثابتة الطول - معلومات عامة | |
| حقل البيانات ثابتة الطول | 141001t20152015flua b 001 0 eng |
| 010 ## - | |
| -- | 2014039068 |
| 020 ## - الرقم الدولى المعيارى للكتب | |
| الرقم الدولى المعيارى للكتاب | 9781482230055 (hardcover : acidfree paper) |
| 020 ## - الرقم الدولى المعيارى للكتب | |
| الرقم الدولى المعيارى للكتاب | 1482230054 (hardcover : acidfree paper) |
| 035 ## - رقم ضبط النظام | |
| رقم ضبط النظام | (DNLM)101642580 |
| 040 ## - مصدر الفهرسة | |
| وكالة الفهرسة الأصلية | DNLM/DLC |
| وكالة النسخ | DLC |
| قواعد الوصف | rda |
| وكالة التعديل | DLC |
| 042 ## - | |
| -- | pcc |
| 050 00 - | |
| -- | QR201.V55 |
| -- | W53 2015 |
| 060 10 - | |
| -- | QW 25 |
| 082 00 - رقم تصنيف ديوى العشرى | |
| رقم الطبعة | 23 |
| رقم التصنيف | 616.9 |
| رقم المادة | w i |
| 100 1# - المدخل الرئيسى - إسم شخصى | |
| الإسم الشخصى | Wick, Charles Harold, |
| الدور | author. |
| 245 10 - بيان العنوان | |
| العنوان | Integrated virus detection / |
| بيان المسئوليه,etc | Charles H. Wick. |
| 300 ## - الوصف المادى | |
| التعداد | xxii, 233 pages : |
| تفاصيل ماديه اخرى للوعاء | illustrations ; |
| أبعاد الوعاء | 24 cm |
| 504 ## - تبصرة ببليوجرافية | |
| تبصرة ببليوجرافية,الخ | Includes bibliographical references (pages 225-228) and index. |
| 650 12 - المدخل الاضافى بالموضوع-مصطلح موضوعى | |
| مصطلح موضوعي | Viruses |
| التقسيم الفرعي العام | isolation & purification |
| التقسيم الفرعي الشكلي | Laboratory Manuals. |
| 650 22 - المدخل الاضافى بالموضوع-مصطلح موضوعى | |
| مصطلح موضوعي | Virology |
| التقسيم الفرعي العام | methods |
| التقسيم الفرعي الشكلي | Laboratory Manuals. |
| 650 22 - المدخل الاضافى بالموضوع-مصطلح موضوعى | |
| مصطلح موضوعي | Virus Diseases |
| التقسيم الفرعي العام | diagnosis |
| التقسيم الفرعي الشكلي | Laboratory Manuals. |
| 650 22 - المدخل الاضافى بالموضوع-مصطلح موضوعى | |
| مصطلح موضوعي | Virus Physiological Phenomena |
| التقسيم الفرعي الشكلي | Laboratory Manuals. |
| 942 ## - عناصر المدخل الإضافي( كوها) | |
| مصدر التصنيف او مخطط الترفيف | Dewey Decimal Classification |
| Koha [default] item type | كتاب |
| 264 #1 - | |
| -- | Boca Raton : |
| -- | CRC Press, Taylor & Francis Group, |
| -- | [2015] |
| 264 #4 - | |
| -- | ©2015 |
| 336 ## - | |
| -- | text |
| -- | rdacontent |
| 337 ## - | |
| -- | unmediated |
| -- | rdamedia |
| 338 ## - | |
| -- | volume |
| -- | rdacarrier |
| 505 0# - تبصرة محتويات-الفهرس | |
| تبصرة المحتويات المصاغة | Detection of whole viruses -- Instrumentation -- Proof concept using MS2 -- Concentration of viruses -- Cause and effect curves -- Isolating single viruses from multivirus mixtures -- Analyzing various viruses -- Detection of other nanoparticles -- Direct counting of pili -- Detecting viruses in honeybees -- Pulsed lamp decontamination -- Current and future trends. |
| 906 ## - عنصر بيانات محلى F, LDF (RLIN) | |
| a | 7 |
| b | cbc |
| c | orignew |
| d | 1 |
| e | ecip |
| f | 20 |
| g | y-gencatlg |
| حالة التراجع | حالة الفقد | مصدر التصنيف او خطة الترفيف | حالة تلف | ليس للاعارة | المكان المؤقت | الموقع الحالى | تاريخ الاكتساب | اجمالي اﻻعارات | رقم الطلب | الباركود | تاريخ اخر مشاهدة | تاريخ تفعيل السعر | نوع وعاء كوها |
|---|---|---|---|---|---|---|---|---|---|---|---|---|---|
| ddc | مكتبة القاهرة الكبرى | مكتبة القاهرة الكبرى | 05/03/2016 | 616.9 w i | 161854 | 05/03/2016 | 05/03/2016 | كتاب |

